000 01388nam a2200373 i 4500
001 71004
003 Mx-PuUPA
005 20240508132904.0
008 240508s2020 sp a|||fr|||| 00| 0 spa d
017 _aB.2.316-2020
020 _a9788491136279
040 _aMx-PuUPA
_bspa
_cMx-PuUPA
_dMx-PuUPA
_erda
041 1 _aspa
_heng
100 1 _aLowe, J. S.,
_q(James Steven)
_915668
_eautor
240 1 0 _aStevens & Lowes human histology.
_lEspañol
245 1 0 _aStevens y Lowe :
_bhistología humana /
_cJames S. Lowe, Peter G. Anderson, Susan I. Anderson
246 3 _aHistología huama.
250 _aQuinta edición
264 1 _aBarcelona, España :
_bElsevier España,
_c©2020
300 _aviii, 425 páginas :
_bilustraciones (en color) ;
_c28 cm
336 _2rdacontent
_atexto
_btxt
336 _2rdacontent
_aimagen fija
_bsti
337 _2rdamedia
_asin medio
_bn
338 _2rdacarrier
_avolumen
_bnc
650 7 _2armarc
_aHistología
650 7 _2armarc
_aHistopatología
700 1 _aAnderson, Peter G.,
_eautor
700 1 _aAnderson, Susan I.,
_eautor
765 0 _aLowe, J. S., (James Steven)
_b5th edition
_tStevens & Lowes human histology.
_z9780323612791
942 _2ddc
_cLI
_h611.018
_iL896
999 _c71004
_d71004